| 000 -CABECERA |
| Longitud fija campo de control |
00623nam a2200181 i 4500 |
| 003 - IDENTIFICADOR DEL NÚMERO DE CONTROL |
| Identificador del número de control |
OSt |
| 005 - FECHA Y HORA DE LA ÚLTIMA TRANSACCIÓN |
| Fecha y hora de la última transacción |
20210921161346.0 |
| 008 - CÓDIGOS DE INFORMACIÓN DE LONGITUD FIJA |
| Códigos de información de longitud fija |
210603s2021 sp |||| | u0|| 0|spa d |
| 020 ## - NÚMERO INTERNACIONAL NORMALIZADO PARA LIBROS |
| Número Internacional Normalizado para Libros (ISBN) |
9788418757112 |
| 040 ## - FUENTE DE LA CATALOGACIÓN |
| Centro catalogador de origen |
B-UPV |
| Lengua de catalogación |
spa |
| Centro transcriptor |
CDMR |
| 245 00 - MENCIÓN DE TÍTULO |
| Título |
Periodismo 2030 : |
| Resto del título |
recetas para la era de la comunicación digital / |
| Mención de responsabilidad, etc. |
Fernando Jáuregui y Sergio Martín (coordinadores) |
| 260 ## - PUBLICACIÓN, DISTRIBUCIÓN, ETC. (PIE DE IMPRENTA) |
| Lugar de publicación, distribución, etc. |
[Córdoba] : |
| Nombre del editor, distribuidor, etc. |
Almuzara, |
| Fecha de publicación, distribución, etc. |
2021 |
| 300 ## - DESCRIPCIÓN FÍSICA |
| Extensión |
282, XXXI p. : |
| Otras características físicas |
il. ; |
| Dimensiones |
24 cm |
| 650 #0 - PUNTO DE ACCESO ADICIONAL DE MATERIA - TÉRMINO DE MATERIA |
| Término de materia o nombre geográfico como elemento inicial |
Periodisme |
| Subdivisión de materia general |
Innovacions tecnològiques |
| Subdivisión cronológica |
S.XXI |
| 9 (RLIN) |
2272 |
| 700 1# - PUNTO DE ACCESO ADICIONAL - NOMBRE DE PERSONA |
| Nombre de persona |
Jáuregui, Fernando |
| 9 (RLIN) |
4657 |
| 700 1# - PUNTO DE ACCESO ADICIONAL - NOMBRE DE PERSONA |
| Nombre de persona |
Martín, Sergio |
| 9 (RLIN) |
4658 |
| 942 ## - ENTRADA DE ELEMENTOS AGREGADOS (KOHA) |
| Fuente de clasificaión o esquema |
|
| Koha [por defecto] tipo de item |
Monografies |